Missing Word: Christmas Words in Movie Titles Quiz Stats

 Plays Quiz Updated Dec 24, 2017

Challenge
Share
Tweet
Embed
Score 0/14 Timer 03:00
0 Plays Today
Title Missing Word % Correct
____ White and the HuntsmanSnow
93.7%
Clear and ____ DangerPresent
92.1%
The Buddy ____ StoryHolly
91.3%
Friday Night ____Lights
90.8%
A ____ Grows in BrooklynTree
89.2%
Roman ____Holiday
82.7%
____ in the OutfieldAngels
77.4%
Title Missing Word % Correct
The ____ of a NationBirth
76.4%
Lone ____Star
47.4%
A Separate ____Peace
39.8%
The Good ____Shepherd
34.5%
Green ____Card
28.8%
The Neon ____Bible
7.6%
____ BoysDecember
6.8%

Today's Daily Dose

Missing Word
Madam, I'm Adam

Quick Pick
Meat vs Animal

On This Day
October 21st II

You're not logged in!

Compare scores with friends on all Sporcle quizzes.
Join for Free
OR
Log In

You Might Also Like...

Show Comments

Extras

Top Quizzes Today


Score Distribution

Your Account Isn't Verified!

In order to create a playlist on Sporcle, you need to verify the email address you used during registration. Go to your Sporcle Settings to finish the process.

Report this User

Report this user for behavior that violates our Community Guidelines.

Details: